Serveis de telèfons : Memòria que l'enginyer de la Secció Tècnica de telèfons presenta al Consell de la Mancomunitat amb motiu de l'Assemblea celebrada en el mes de novembre de 1917 Memòria que l'enginyer de la Secció Tècnica de telèfons presenta al Consell de la Mancomunitat amb motiu de l'Assemblea celebrada en el mes de novembre de 1917
Descripción Física:
115 p., [1] map. pleg. ; 22 cm
Materias:
Telèfon -- Catalunya -- 1917
MARC
| LEADER | 00000nam a2200000Ia 4500 | ||
|---|---|---|---|
| 001 | 484 | ||
| 008 | 160829s1917 xx 000 0 cat d | ||
| 710 | 2 | |a Catalunya. |b Mancomunitat |9 53015 | |
| 856 | 4 | |u https://media.diba.cat/diba/fitxers/arxiu/mancomunitat/bib_484_1917_web.pdf |y Accés lliure | |
| 952 | |0 0 |1 0 |4 0 |6 M3155 |7 1 |9 41695 |a Arxiu |b Arxiu |d 2016-12-01 |l 0 |o M-3-155 |p 484 |r 2016-12-01 00:00:00 |w 2016-12-01 |y ARXIU | ||
| 999 | |c 43585 |d 43585 | ||
| 080 | |a M-3-155 | ||
| 100 | |a Catalunya. Mancomunitat. Secció Tècnica de Telèfons |9 20819 | ||
| 245 | |a Serveis de telèfons : |b Memòria que l'enginyer de la Secció Tècnica de telèfons presenta al Consell de la Mancomunitat amb motiu de l'Assemblea celebrada en el mes de novembre de 1917 | ||
| 260 | |a [s.l.] : |b (Imp. Casa Caritat), |c 1917 | ||
| 300 | |a 115 p., [1] map. pleg. ; |c 22 cm | ||
| 590 | |a Conté un mapa de comunicacions telefòniques de 1917 | ||
| 650 | |a Telèfon |x Catalunya |x 1917 |9 20820 | ||
| 901 | |a Arxiu | ||
| 942 | |n 1 |2 udc | ||